Central Library OPAC University of Rajshahi

Exploring child welfare : (Record no. 58902)

MARC details
000 -LEADER
fixed length control field 00960nam a2200289 a 4500
001 - CONTROL NUMBER
control field 58902
003 - CONTROL NUMBER IDENTIFIER
rucl marc code BD-RjUL
005 - DATE AND TIME OF LATEST TRANSACTION
control field 20211209080653.0
008 - FIXED-LENGTH DATA ELEMENTS--GENERAL INFORMATION
fixed length control field 161228s2001 maua b 001 0 eng
020 ## - INTERNATIONAL STANDARD BOOK NUMBER
International Standard Book Number 020531953X
035 ## - SYSTEM CONTROL NUMBER
System control number (BD-RjUL)59026
040 ## - CATALOGING SOURCE
Original cataloging agency DLC
Transcribing agency DLC
Modifying agency DLC
Language of cataloging eng
041 ## - LANGUAGE CODE
Language code of text/sound track or separate title eng
082 00 - DEWEY DECIMAL CLASSIFICATION NUMBER
Classification number 362.70973
Edition number 23
Author mark and year CRE 2001
100 1# - MAIN ENTRY--PERSONAL NAME
Personal name Crosson-Tower, Cynthia.
9 (RLIN) 178361
245 10 - TITLE STATEMENT
Title Exploring child welfare :
Remainder of title a practice perspective /
Statement of responsibility, etc. Cynthia Crosson-Tower.
250 ## - EDITION STATEMENT
Edition statement 2nd ed.
260 ## - PUBLICATION, DISTRIBUTION, ETC. (IMPRINT)
Place of publication, distribution, etc. Boston :
Name of publisher, distributor, etc. Allyn and Bacon,
Date of publication, distribution, etc. c2001.
300 ## - PHYSICAL DESCRIPTION
Pagination xviii, 462 p. :
Illustrations ill. ;
Size 24 cm.
504 ## - BIBLIOGRAPHY, ETC. NOTE
Bibliography, etc Includes bibliographical references and indexes.
650 #0 - SUBJECT ADDED ENTRY--TOPICAL TERM
Topical term or geographic name as entry element Child welfare
Geographic subdivision United States.
9 (RLIN) 178362
Topical term or geographic name as entry element Social case work with children
Geographic subdivision United States.
9 (RLIN) 178363
Topical term or geographic name as entry element Family social work
Geographic subdivision United States.
9 (RLIN) 178364
Topical term or geographic name as entry element Social work education
Geographic subdivision United States.
9 (RLIN) 178365
942 ## - ADDED ENTRY ELEMENTS (KOHA)
Source of classification or shelving scheme Dewey Decimal Classification
Koha item type Books
Holdings
Lost status Source of classification or shelving scheme Damaged status Not for loan Collection code Permanent Location Current Location Shelving location Date acquired Source of acquisition Cost, normal purchase price Total Checkouts Full call number Date last seen Copy number Koha item type
  Dewey Decimal Classification   Not For Loan Non-fiction Central Library, University of Rajshahi Central Library, University of Rajshahi Reading Room 14/09/2008 Paragon enterprises ltd., Dhaka 76.00   362.70973 CRE 2001 28/12/2016 C-1 Books